Amor de perdición / (Record no. 42132)

MARC details
000 -LEADER
campo de control de longitud fija 00664nam a2200193 i 4500
001 - NÚMERO DE CONTROL
campo de control 42132
003 - IDENTIFICADOR DE NÚMERO DE CONTROL
campo de control ES-MaACL
005 - FECHA Y HORA DE LA ÚLTIMA TRANSACCIÓN
campo de control 20251124170353.0
007 - CAMPO FIJO DE DESCRIPCIÓN FÍSICA--INFORMACIÓN GENERAL
campo de control de longitud fija t|
008 - DATOS DE LONGITUD FIJA--INFORMACIÓN GENERAL
campo de control de longitud fija 030312s1942 sp ||||1| spa d
100 1# - ENTRADA PRINCIPAL--NOMBRE DE PERSONA
Nombre de persona Castelo Branco, Camilo,
Fechas asociadas al nombre 1825-1890
9 (RLIN) 36559
245 10 - MENCIÓN DEL TÍTULO
Título Amor de perdición /
Mención de responsabilidad, etc. Camilo Castello Branco ; versión castellana y prólogo de Manuel Casado Nieto ; ilustraciones de J. Narro.
260 ## - PUBLICACIÓN, DISTRIBUCIÓN, ETC.
Lugar de publicación, distribución, etc. Barcelona :
Nombre del editor, distribuidor, etc. Luis Miracle,
Fecha de publicación, distribución, etc. [1942]
300 ## - DESCRIPCIÓN FÍSICA
Extensión 239 p. :
Otras características físicas il. ;
Dimensiones 21 cm.
700 1# - ENTRADA AGREGADA--NOMBRE PERSONAL
Nombre de persona Casado Nieto, Manuel.
9 (RLIN) 36023
700 1# - ENTRADA AGREGADA--NOMBRE PERSONAL
Nombre de persona Narro, José,
Fechas asociadas al nombre 1902-
9 (RLIN) 84950
852 ## - LOCALIZACIÓN
Ubicación ES-MaACL
Número de control de estantería B-9776
Sublocalización o colección R.19467
Holdings
Estatus retirado Estado de pérdida Estado de daño No para préstamo Biblioteca de origen Biblioteca actual Ubicación en estantería Fecha de adquisición Fuente de adquisición Total de préstamos Signatura topográfica completa Código de barras Visto por última vez Precio de reemplazo Tipo de ítem Koha
        Biblioteca del Ateneo de Madrid Biblioteca del Ateneo de Madrid Sala Pardo Bazán 17/01/2008     B-9776 1044344 23/02/2023 23/02/2023 Libro impreso